Protección de la salud y derecho social /
Publicación resultante del tercer Seminario de Derecho Social Comparado, organizado por la Facultad de Derecho de la Universidad Ramón Llull y celebrado en octubre de 1997 en Barcelona, España. El derecho de la protección de la salud ha sido el eje central de la tercera edición, que ha reunido la pr...
Збережено в:
| Співавтор: | |
|---|---|
| Інші автори: | |
| Формат: | Матеріали конференцій Книга |
| Мова: | Іспанська |
| Опубліковано: |
Barcelona, España :
Bosch,
1999, c1999
|
| Серія: | (Colección ESADE ;
5) |
| Предмети: | |
| Теги: |
Немає тегів, Будьте першим, хто поставить тег для цього запису!
|
MARC
| LEADER | 00000nam^a2200000^a^4500 | ||
|---|---|---|---|
| 001 | 000158051 | ||
| 005 | 20250521000000.0 | ||
| 009 | 20260310100559.968 | ||
| 020 | |a 84-7698-561-4 | ||
| 037 | |a Acervo ITESO - Biblioteca | ||
| 041 | |a ESP | ||
| 082 | |a 344. |b SEM 1997 | ||
| 111 | |a Seminario de Derecho Social Comparado ( |n 3° : |c Universidad Ramón Llull, Facultad de Derecho) | ||
| 240 | 1 | 1 | |a [Seminario de Derecho Social Comparado] |
| 245 | 1 | 0 | |a Protección de la salud y derecho social / |c Ed. y pról. de A. Marzal ; tr. por Elia Marzal, Sara Marzal. |
| 264 | 4 | |a Barcelona, España : |b Bosch, |c 1999, c1999 | |
| 300 | |a 239 p. | ||
| 336 | |a texto |b txt |2 rdacontenido | ||
| 337 | |a sin mediación |b n |2 rdamedio | ||
| 338 | |a volumen |b nc |2 rdasoporte | ||
| 440 | 1 | |a (Colección ESADE ; |v 5) | |
| 520 | |a Publicación resultante del tercer Seminario de Derecho Social Comparado, organizado por la Facultad de Derecho de la Universidad Ramón Llull y celebrado en octubre de 1997 en Barcelona, España. El derecho de la protección de la salud ha sido el eje central de la tercera edición, que ha reunido la presentación de seis informes nacionales sobre el tema, relativos a los casos de Bulgaria, España, Francia, Holanda, Inglaterra y Suiza. Precede a esta publicación el volumen titulado Dialéctica empleo/desempleo y derecho social, correspondiente a la segunda edición del Seminario (1996), y le sigue Empresa y derecho social, resultado de la cuarta versión de este encuentro académico (1999). | ||
| 649 | |a XX | ||
| 650 | |a Derecho Social - |x Congresos - |x Tema Principal | ||
| 650 | |a Derecho Comparado - |x Congresos - |x Tema Principal | ||
| 650 | |a Seguridad Social - |z Europa | ||
| 650 | |a Política y Salud Pública - |z Europa | ||
| 650 | |a Política Social - |z Europa | ||
| 650 | |a Europa - |x Condiciones Jurídicas | ||
| 650 | |a Derecho a la Salud - |z Europa - |x Tema Principal | ||
| 650 | |a Derecho Laboral - |z Europa | ||
| 650 | |a Derecho Público - |z Europa | ||
| 650 | |a Derecho - |z Bulgaria | ||
| 650 | |a Derecho - |z España | ||
| 650 | |a Derecho - |z Francia | ||
| 650 | |a Derecho - |z Holanda | ||
| 650 | |a Derecho - |z Inglaterra | ||
| 650 | |a Derecho - |z Italia | ||
| 650 | |a Derecho - |z Europa | ||
| 700 | |a Marzal, Antonio |e (edición) | ||
| 910 | |a Fondo General | ||
| 920 | |a Impresos - Libros | ||
| 930 | |a Colección General | ||
| 905 | |a 101 | ||
| 901 | |a 0500087776 |b IT1 |c ACC |u 20250521 | ||
| 902 | |a https://opac.biblio.iteso.mx/vufind/Record/000158051 | ||